| 000 | 00914nam a22002297a 4500 | ||
|---|---|---|---|
| 999 |
_c7627 _d7627 |
||
| 003 | AR-CdUCM | ||
| 008 | 190321b ||||| |||| 00| 0 spa d | ||
| 040 |
_aMUNICIPALIDAD PROVINCIAL DEL CUSCO _cBIBLIOTECA MUNICIPAL DEL CUSCO |
||
| 082 |
_a530 / _bV38 |
||
| 100 |
_aVazquez Briones, Hector _921534 |
||
| 245 | _aCinemática de la Relatividad Especial / | ||
| 260 |
_aMéxico : _bHispano Americana ; _c1965. |
||
| 300 |
_a107 páginas ; _bFórmulas _c17cm |
||
| 440 |
_aColección Manuales Uteha _n318 _921535 |
||
| 500 | _aSección 2 | ||
| 505 | _aContenido: El espacio de representación -- Introducción de una métrica en Vn -- Las rotaciones en E3 y la geometría diferencial -- El espacio de Minkowski -- La transformación de Lorentz eremocinética... | ||
| 650 |
_aVectores _921536 |
||
| 650 |
_aCampo gravitacional _921537 |
||
| 650 |
_aEl espacio _921538 |
||
| 942 |
_2ddc _cLIBROS |
||
| 945 | _anom | ||